एक धारवाडी कहाणी (Record no. 47231)

MARC details
000 -LEADER
fixed length control field 00474nam a2200181Ia 4500
008 - FIXED-LENGTH DATA ELEMENTS--GENERAL INFORMATION
fixed length control field 220531s9999 xx 000 0 und d
020 ## - INTERNATIONAL STANDARD BOOK NUMBER
International Standard Book Number 978-93-83678-99-0
041 ## - LANGUAGE CODE
Language code of text/sound track or separate title eng
100 ## - MAIN ENTRY--PERSONAL NAME
Personal name अंतरकर, आनंद
9 (RLIN) 85973
245 ## - TITLE STATEMENT
Title एक धारवाडी कहाणी
250 ## - EDITION STATEMENT
Edition statement 1 st
260 ## - PUBLICATION, DISTRIBUTION, ETC. (IMPRINT)
Place of publication, distribution, etc. Pune
Name of publisher, distributor, etc. Magestic
Date of publication, distribution, etc. 2015
300 ## - PHYSICAL DESCRIPTION
Extent 175
542 ## - INFORMATION RELATING TO COPYRIGHT STATUS
Copyright holder 06-01-2021
650 ## - SUBJECT ADDED ENTRY--TOPICAL TERM
Topical term or geographic name as entry element Genral
9 (RLIN) 85974
906 ## - LOCAL DATA ELEMENT F, LDF (RLIN)
d 2020-2021
f 19197
Holdings
Withdrawn status Lost status Source of classification or shelving scheme Damaged status Not for loan Collection code Home library Current library Date acquired Vendor Cost, normal purchase price Total Checkouts Total Holds Full call number Barcode Date last seen Cost, replacement price Bill Date Koha item type Original Barcode
    Dewey Decimal Classification       Shri Siddhivinayak Mahila Mahavidyalaya Shri Siddhivinayak Mahila Mahavidyalaya 06/01/2021 Aurangabadkar A. 200.00   1 /29224 SSMM-BK-29224 06/08/2022 200.00 06/08/2022 Books 010029224